00694nam a22001937a 450000500170000001000150001702000260003203500130005803700130007108200130008424500880009726000340018527000600021930000280027970000230030794200270033099900170035795201260037420130913144009.0 aENG-108205 c395.00a9789381523926 aEN-91738 bDBAD/PUB a915.4034 aIndia since 1947 :cedited by Atul Kumar Thakur blooking back at a modern nation / aNew DelhibNiyogi Booksc2013 aD-78, Okhla Industrial Area, Phase-1bNew Delhie110020 axviii,340p. c20cm(pbk) aThakur, Atul Kumar 2ddccENmINDh915.4034 c78271d78271 001040718NFICaDBADbDBADd2013-08-01eDBAD/PUBg395.00l0o915.4034 INDpEN-91738r2013-08-01 00:00:00t1v395.00yEN